000 01874nam a2200457 c 4500
001 5331
003 ES-MaCES
005 20160629131849.0
008 970424s1992 sp ||| | spa d
017 _aV. 4228-1992
_bDL
020 _a8487946062
035 _aCES19980053727m
040 _aES-MaCES
_bspa
_cES-MaCES
111 2 _aJornadas Europeas Técnico-Sindicales sobre Enfermedades del Trabajo
_d1992
_cValencia
_9205
245 1 0 _aConocer para prevenir
_cJornadas Europeas Técnico-Sindicales sobre Enfermedades del Trabajo ; copilador, Pere Boix i Ferrando ; [organizadas por la Fundació d'Estudis i Iniciatives Sòcio-Laborals (FEIS) y el Gabinet de Salut Laboral de CC.OO. del País Valencià ; con el apoyo de la Comisión de las Comunidades Europeas
260 _aValència
_bEd. L'Eixam - FEIS
_cD.L. 1992
300 _a206 p.
_c24 cm
504 _aBibliografía. Indice
541 _cCompra
650 4 _aenfermedad profesional
_928346
650 4 _asalud en el trabajo
_928347
650 4 _aseguridad en el trabajo
_928348
650 4 _aservicio de medicina del trabajo
_929358
650 4 _alegislación del trabajo
_927166
650 4 _aservicio de salud
_927058
650 4 _aEspaña
_926964
650 4 _aItalia
_926952
650 4 _aReino Unido
_926967
650 4 _aDinamarca
_926938
650 4 _aestudio de casos
_928846
650 4 _acuadros estadísticos
_928890
653 1 0 _aSalud
650 4 _926752
_aUE
700 1 _aBoix i Ferrando, Pere
_ecol.
_97996
710 2 _aFundació d'Estudis i Iniciatives Sòcio-Laborals (Valencia)
_eed.
_93731
710 2 _aComisiones Obreras
_bConfederación sindical del País Valencià
_bGabinete de Salud Laboral
_eed.
_92107
710 2 _92014
_aComisión de las Comunidades Europeas
_ecol.
902 _aLIB Libro
942 _2CES
_cBK
_h3.1.
999 _c5331
_d5331